| Art - Music/Opera | 5 | 8.00 | 80% | 0% | 0% |
| Art - Other | 4 | 12.50 | 100% | 25% | 0% |
| Art - Painting/Sculpture | 7 | 14.29 | 100% | 43% | 0% |
| Art - Visual | 1 | 10.00 | 100% | 0% | 0% |
| Current Events/Modern World - Mixed/Any | 1 | 20.00 | 100% | 100% | 0% |
| Current Events/Modern World - Rest of world political | 1 | 10.00 | 100% | 0% | 0% |
| Current Events/Modern World - United States social | 1 | 10.00 | 100% | 0% | 0% |
| Current Events/Modern World - Western social | 1 | 10.00 | 100% | 0% | 0% |
| Geography - Mixed/any | 1 | 20.00 | 100% | 100% | 0% |
| History - American | 6 | 15.00 | 100% | 50% | 0% |
| History - European | 6 | 10.00 | 83% | 17% | 0% |
| History - Other | 3 | 13.33 | 100% | 33% | 0% |
| History - World | 8 | 7.50 | 75% | 0% | 0% |
| Literature - American any | 1 | 10.00 | 100% | 0% | 0% |
| Literature - American long fiction | 2 | 10.00 | 100% | 0% | 0% |
| Literature - American poetry | 3 | 20.00 | 67% | 100% | 33% |
| Literature - British drama | 2 | 10.00 | 100% | 0% | 0% |
| Literature - British long fiction | 3 | 16.67 | 67% | 67% | 33% |
| Literature - British poetry | 3 | 20.00 | 100% | 100% | 0% |
| Literature - European any | 1 | 20.00 | 100% | 100% | 0% |
| Literature - European long fiction | 2 | 25.00 | 100% | 100% | 50% |
| Literature - European poetry | 1 | 10.00 | 100% | 0% | 0% |
| Literature - European short fiction | 1 | 10.00 | 100% | 0% | 0% |
| Literature - World/Misc long fiction | 3 | 13.33 | 100% | 33% | 0% |
| Literature - World/Misc poetry | 1 | 20.00 | 100% | 100% | 0% |
| Literature - World/Misc short fiction | 1 | 20.00 | 100% | 100% | 0% |
| Mythology - Greco/Roman | 3 | 26.67 | 100% | 100% | 67% |
| Mythology - Hindu | 1 | 20.00 | 100% | 100% | 0% |
| Mythology - Mixed/Any | 1 | 10.00 | 100% | 0% | 0% |
| Other Academic/Cross-Category - Any | 1 | 20.00 | 100% | 100% | 0% |
| Philosophy - 20th century | 2 | 20.00 | 100% | 50% | 50% |
| Philosophy - Ancient | 1 | 20.00 | 100% | 100% | 0% |
| Philosophy - Enlightenment | 1 | 10.00 | 100% | 0% | 0% |
| Philosophy - Mixed/Any | 2 | 5.00 | 50% | 0% | 0% |
| Philosophy - Pre-20th | 1 | 10.00 | 100% | 0% | 0% |
| Religion - Buddhism | 1 | 0.00 | 0% | 0% | 0% |
| Religion - Christianity/Judaism | 1 | 20.00 | 100% | 100% | 0% |
| Religion - Hinduism | 2 | 10.00 | 100% | 0% | 0% |
| Religion - Mixed/Any | 2 | 15.00 | 100% | 50% | 0% |
| Science - Biology | 7 | 12.86 | 86% | 29% | 14% |
| Science - Chemistry | 5 | 10.00 | 80% | 20% | 0% |
| Science - Compsci | 2 | 25.00 | 100% | 100% | 50% |
| Science - Engineering | 1 | 20.00 | 100% | 100% | 0% |
| Science - Other | 2 | 10.00 | 50% | 50% | 0% |
| Science - Other/CL/Misc | 1 | 10.00 | 100% | 0% | 0% |
| Science - Physics | 8 | 8.75 | 75% | 13% | 0% |
| Social Science - Anthropology | 1 | 10.00 | 100% | 0% | 0% |
| Social Science - Economics | 2 | 10.00 | 100% | 0% | 0% |
| Social Science - Psychology | 2 | 10.00 | 100% | 0% | 0% |